000 00673nam a2200253Ia 4500
003 OSt
005 20220925220138.0
006 a|||||r|||| 00| 0
007 ta
008 220923b |||||||| |||| 00| 0 eng d
037 _cGeneral Book
040 _aRTL
_cRTL
_beng
041 _2eng
_aeng
082 _aU64.3.N8, M3
100 _aWhite H P
_995433
245 0 _aTransport geography
260 _aLondon
_bLongman U K
_c1983
300 _axi,224p
_ccm.
500 _aBib p. 210-20
650 _aEconomic Geography
700 _a Senior M L
_9129273
942 _hU64.3.N8, M3
_cGB
_2CC
999 _c570625
_d570625